| 000 | 00514nam a2200133Ia 4500 | ||
|---|---|---|---|
| 008 | 160809s9999 xx 000 0 und d | ||
| 100 | _aAdhikari, Deergha Raj. | ||
| 245 | _aImpact of Fed’s Credit Easing on the Value of U.S. Dollar | ||
| 245 | _cDeergha Raj Adhikari. | ||
| 260 | _bInternational Research Journal of Applied Finance | ||
| 260 | _cJune 2016 | ||
| 650 | _xFINANCE | ||
| 856 | _uhttps://nebula.wsimg.com/425292a1e8f78f7a8c33aa6dff6bf24b?AccessKeyId=A83663472B839ECDD54B&disposition=0&alloworigin=1 | ||
| 999 |
_c300017 _d300017 |
||